[Event "33rd ECCC Open 2017"]
[Site "Antalya"]
[Date "2017.10.12"]
[Round "3"]
[White "Zagorskis, Darius"]
[Black "Nikolovski, Nikola"]
[Result "1-0"]
[WhiteElo "2443"]
[BlackElo "2420"]
[Annotator "TA"]
[PlyCount "89"]
[EventType "team-tourn"]
[EventCountry "TUR"]
[WhiteTeam "MAKABI"]
[BlackTeam "Asseco See"]

{[%evp 22,89,10,0,16,13,4,0,6,-60,-39,-49,-54,-38,0,-22,-22,-22,-18,-29,23,-2,192,191,196,201,202,189,193,193,200,204,185,169,203,201,204,156,189,179,186,175,175,170,180,168,172,163,250,246,241,125,222,92,208,202,210,210,641,637,634,629,627,627,1188,890,868,807,774,635]} 1. Nf3 Nf6 2. g3 c5 3. Bg2 Nc6 4. d4 cxd4 5. Nxd4 g6 6. c4 Bg7 7. Nc3 O-O 8. O-O Qa5 9. Nb3 Qh5 10. e4 {A39: Symmetrical English vs ...g6: 4 Bg2 Bg7 5 Nf3 Nf6 6 0-0 0-0 7 d4} (10. Nd5 d6 11. Nf4 Qe5 12. e4 a5 13. a4 Nb4 14. Re1 Re8 15. Bd2 Nh5 16. Bc3 Qg5 17. h4 Qh6 {1-0 (45) Grischuk,A (2783)-Navara,D (2737) Tbilisi 2017}) 10... d6 11. Qxh5 Nxh5 12. Be3 {LiveBook: 4 Games. The position is equal.} a5 $146 {...a4 is the strong threat.} ({Predecessor:} 12... Be6 13. c5 Bxb3 14. axb3 dxc5 15. Bxc5 Rfd8 16. f4 Bd4+ 17. Bxd4 Nxd4 {1-0 (67) Ernst,S (2535)-Bok,B (2613) playchess.com INT 2016}) 13. Na4 Nf6 14. f3 Be6 15. Rfc1 (15. Rac1 $11) 15... Nd7 $15 16. f4 Rfc8 17. Bf1 Rc7 18. Nd2 Nd4 19. Nc3 a4 20. Rab1 f5 ({Black should try} 20... Kf8) 21. Kg2 fxe4 $2 {[#]} (21... Rcc8 $11 {and Black has nothing to worry.}) 22. Bxd4 $1 $18 Bxd4 23. Nb5 Bb6 24. Nxc7 Bxc7 25. Nxe4 Bb6 26. Bd3 h6 27. Nc3 Nc5 28. Bxg6 Bxc4 29. Re1 Bd8 30. Rbd1 Kf8 31. Bb1 Ba5 32. Re3 Ra6 33. Rd4 b5 34. f5 Bf7 (34... d5 $142 35. Rd1 (35. Nxd5 Rd6 $14) 35... Rd6) 35. Nd5 Bd8 36. Bd3 (36. Nf4 $18) 36... Ra8 (36... a3 $16) 37. Nc3 (37. Be2 $18 {and White stays clearly on top.}) 37... a3 {[#]} (37... b4 $16 {keeps fighting.} 38. Ne4 (38. Rxb4 Ba5 $16) 38... Bxa2) 38. b4 $1 {[%cal Rb4c5]} ({Don't play} 38. Bxb5 $6 axb2 39. Rb4 d5) 38... Bb6 {Hoping for ...Nb3.} 39. bxc5 dxc5 $2 (39... Bxc5 40. Ree4 (40. Nxb5 Bxa2 41. Re1 Bxd4 $16) 40... b4 41. Rxb4 Bxb4 42. Rxb4 Rc8) 40. Rd7 {White is clearly winning.} c4 41. Rexe7 Be8 42. Be4 Rc8 43. Re6 {Intending Rf6+ and mate.} Bxd7 44. Rxb6 Rc5 45. Kf3 {Precision: White = 46%, Black = 37%.} 1-0

[Event "33rd ECCC Open 2017"]
[Site "Antalya"]
[Date "2017.10.11"]
[Round "3"]
[White "Arnaudov, G  Petar"]
[Black "Kazakovskiy, Valeriy"]
[Result "1/2-1/2"]
[WhiteElo "2441"]
[BlackElo "2420"]
[Annotator "TA"]
[PlyCount "96"]
[EventType "team-tourn"]
[EventCountry "TUR"]
[WhiteTeam "Asseco See"]
[BlackTeam "MAKABI"]

{[%evp 18,96,16,7,17,20,29,18,31,7,20,6,16,-6,-10,-8,0,-9,0,-14,22,0,9,0,0,0,22,-35,-31,-40,-32,-26,-31,-37,0,-55,-46,-54,-26,-34,-26,-28,0,0,0,0,0,0,0,0,0,-66,-54,-61,-70,-375,-62,-52,0,0,0,0,0,0,0,0,0,0,0,0,0,0,0,0,0,0,0,0,0,0,0]} 1. d4 Nf6 2. Nf3 e6 3. Bf4 c5 4. e3 cxd4 5. exd4 b6 6. Nbd2 {A46: Damenbauernspiele} Be7 7. h3 O-O 8. c3 Ba6 9. Bxa6 Nxa6 10. a4 {LiveBook: 7 Partien} Qc8 11. O-O Qb7 12. Re1 $146 ({Vorgänger:} 12. Ne5 Nc7 {½-½ (71) Kamsky,G (2714)-Leko,P (2755) Moscow 2007}) 12... Nc7 13. Qe2 d6 14. Bh2 h6 15. c4 d5 16. b3 Na6 17. a5 Rfd8 18. Rec1 Ne4 19. Nf1 Bb4 20. axb6 axb6 21. cxd5 Nc3 22. Qd3 (22. Rxc3 $11 Bxc3 23. Rc1) 22... Nxd5 $15 23. Ne3 Bf8 24. Nxd5 Rxd5 25. Qc4 b5 26. Qc3 (26. Qc6 $11 Qxc6 27. Rxc6) 26... Rdd8 27. Ne5 Nb4 28. Rxa8 Rxa8 29. Bg3 Na2 30. Qc7 Qxc7 31. Rxc7 Bd6 32. Rb7 Bxe5 33. Bxe5 $11 {[%mdl 4096] Endspiel KTL-KTS} b4 34. Bd6 (34. g4 $11) 34... Ra3 $1 $15 35. Bxb4 Rxb3 36. Rb8+ Kh7 37. Bd6 Rxb8 (37... Rd3 $15) 38. Bxb8 {KL-KS. Die Stellung ist ausgeglichen.} Nc3 39. Ba7 $1 h5 40. f3 g5 41. Kf2 Kg6 42. Bc5 Nd5 43. Bd6 h4 44. Bb8 Kf5 45. Bd6 Nc3 46. Ke3 Nd5+ 47. Kf2 Nf4 48. Bb8 Nd5 {Precision: Weiß = 59%, Schwarz = 54%.} 1/2-1/2

[Event "33rd ECCC Open 2017"]
[Site "Antalya"]
[Date "2017.10.13"]
[Round "3"]
[White "Sepp, Olav"]
[Black "O'Connell, Gerard"]
[Result "1-0"]
[WhiteElo "2433"]
[BlackElo "2150"]
[Annotator "TA"]
[PlyCount "116"]
[EventType "team-tourn"]
[EventCountry "TUR"]
[WhiteTeam "Etela-Vantaan"]
[BlackTeam "Benildus"]

{[%evp 25,116,54,56,35,55,47,32,7,16,0,0,0,15,6,18,15,30,26,32,24,24,29,54,54,108,102,102,110,107,125,102,88,143,131,130,28,50,35,64,48,54,17,17,17,17,17,17,17,18,24,18,18,18,21,22,66,67,26,82,25,214,177,230,218,237,185,185,185,222,214,377,362,707,706,1431,1312,1070,864,803,710,5329,5119,5185,4631,4631,2256,4602,8236,7632,5222,29975,29976,5712]} 1. Nf3 Nf6 2. c4 c5 3. Nc3 Nc6 4. g3 g6 5. Bg2 Bg7 6. O-O O-O 7. d4 cxd4 8. Nxd4 Nxd4 9. Qxd4 d6 10. Qd3 a6 11. Bd2 Rb8 12. Rac1 Be6 13. b3 Qd7 {[#] LiveBook: 10 Games. A39: Symmetrical English vs ...g6: 4 Bg2 Bg7 5 Nf3 Nf6 6 0-0 0-0 7 d4} 14. Bf4 $146 ({Predecessor:} 14. a4 Bh3 15. e4 Bxg2 16. Kxg2 Rfe8 17. Rfd1 Qc6 18. Nd5 Nd7 19. f3 Nc5 20. Qc2 e6 21. Nb4 {0-1 (41) Ragger,M (2563)-Macieja,B (2612) Kallithea 2009}) 14... Bh3 15. Bxh3 Qxh3 {White is slightly better.} 16. Qf3 Rfc8 17. Bg5 Ng4 {[%csl Gg4][%cal Rh3h2]} 18. Qg2 Qxg2+ 19. Kxg2 {Black should prevent Nd5.} Nf6 (19... Bxc3 {is more complex.} 20. Rxc3 f6 21. Bd2 Kf7 22. Rfc1 b6) 20. Rfd1 Kf8 21. a4 h6 22. Bxf6 Bxf6 23. Nd5 $36 {[%mdl 2048] White has some pressure.} Bg7 24. Nb6 Rc7 {[#]} ({Black should try} 24... Rd8 $14) 25. c5 $1 $16 Re8 26. cxd6 Rxc1 27. Rxc1 {Strongly threatening d7.} exd6 {[%mdl 4096] Endgame KRB-KRN} 28. e3 Rd8 ({Better is} 28... Bb2 29. Rc7 Re7) 29. Kf3 d5 30. Rd1 (30. Rc7 $16) 30... d4 $11 31. e4 f5 32. exf5 gxf5 33. Kf4 Kf7 34. Kxf5 {next Nc4 is good for White.} Rd6 35. Nc4 Rf6+ 36. Ke4 Rxf2 37. Rd2 Rf1 38. Ne5+ Ke6 39. Nf3 Rb1 40. Rd3 Rb2 {With the idea ...Re2+.} 41. Nxd4+ Bxd4 42. Kxd4 $14 {KR-KR} b6 $2 (42... Rxh2 $11 43. Kc5 h5) 43. h3 Rh2 {[#]} (43... h5 {was called for.} 44. Re3+ Kd6) 44. g4 $1 $18 Kd6 45. Kc4+ Kc6 46. Rf3 Kc7 47. Kd5 Rd2+ $2 (47... Kd7 48. Rf7+ Kd8) 48. Ke5 Re2+ $2 (48... b5 49. Rf7+ Kb6 50. Rf6+ Ka5 51. Rxh6 Rg2) 49. Kf6 a5 50. Kg6 Re6+ 51. Kh5 Kc6 52. h4 {[%cal Bh3h4,Bh4g5,Bg5g6,Bg6g7][%mdl 32]} Kc5 53. g5 hxg5 54. hxg5 Re8 55. Rf5+ Kd4 56. g6 Ke4 57. Rb5 Kf4 58. g7 Ke4 {Precision: White = 69%, Black = 36%.} 1-0

[Event "33rd ECCC Open 2017"]
[Site "Antalya"]
[Date "2017.10.13"]
[Round "3"]
[White "Costachi, Mihnea"]
[Black "Saraci, Nderim"]
[Result "1/2-1/2"]
[WhiteElo "2425"]
[BlackElo "2393"]
[Annotator "TA"]
[PlyCount "136"]
[EventType "team-tourn"]
[EventCountry "TUR"]
[WhiteTeam "Adare"]
[BlackTeam "Hasan Pristina"]

{[%evp 12,136,15,10,29,20,14,21,20,22,21,24,27,27,105,110,136,127,120,70,81,59,101,67,122,47,41,0,0,0,0,0,9,0,9,1,7,0,0,0,25,25,33,22,50,0,0,0,0,0,0,-30,0,0,0,-43,-45,-74,-72,-66,-72,-79,-81,-178,-180,-172,-155,-164,-97,-222,-218,-216,-179,-223,-218,-205,-184,-225,-217,-207,-82,-145,-94,-81,-83,-87,-47,-47,-8,-99,-91,-114,-59,-89,-18,-87,-22,-125,-123,-132,-128,-135,-98,-164,-80,-1794,-417,-407,-405,-454,-397,-418,-17,-17,-17,-17,-17,-17,-17,-17,0,-16,0,-17,-17,-17,0]} 1. d4 d5 2. c4 e6 3. Nc3 Be7 4. cxd5 exd5 5. Bf4 c6 6. e3 Bf5 7. f3 {[%cal Bf2f3,Bf3e4,Be4e5][%mdl 32] LiveBook: 3 Partien. D31: Damengambit (Halbslawisch)} (7. Bd3 Bxd3 8. Qxd3 Nf6 9. Nge2 Nbd7 10. h3 O-O 11. O-O Re8 12. f3 b5 13. a3 a5 14. e4 Nb6 {1-0 (35) Mamedyarov,S (2800)-Topalov,V (2749) Paris 2017}) 7... Nd7 $146 ({Vorgänger:} 7... Bg6 8. Nge2 Nf6 9. g4 Nfd7 10. Bg3 h5 11. Nf4 Nf8 12. gxh5 Bxh5 13. Bg2 Ne6 14. Nxh5 Rxh5 {½-½ (50) Bernasek,J (2530)-Talla,V (2403) Brno 2008}) 8. e4 dxe4 9. fxe4 Bg6 10. Nf3 Ngf6 11. Bd3 O-O 12. O-O $36 {[%mdl 2048] Weiss hat Initiative.} b5 (12... Nh5 $11 13. Be3 Nhf6) 13. e5 $1 $16 {[%cal Re5f6]} Ne8 {[%cal Bf6e8,Be8c7,Bc7e6][%mdl 32]} 14. Bxg6 hxg6 15. Qc2 Nc7 16. Ne2 Nb8 {[%cal Bd7b8,Bb8a6,Ba6c7,Bc7d5,Bd5f4,Bf4e2][%mdl 32]} 17. Rad1 Qd7 (17... a5 $14) 18. Bc1 (18. Bg5 $1 $16) 18... Nba6 $14 19. a3 Ne6 $1 20. Ng3 Nac7 21. h4 Nd5 22. h5 Ndf4 23. hxg6 fxg6 24. Ne2 Nxe2+ 25. Qxe2 Rf5 26. Qe4 Raf8 27. Be3 Nc7 28. Nh2 Qd5 29. Qxd5+ Nxd5 30. Rxf5 gxf5 31. Bf2 g5 32. Rc1 Rc8 33. Nf1 (33. g4 $5 {[%cal Rg4f5]}) 33... Kf7 34. Nd2 Ke6 35. g3 g4 36. Nb3 f4 37. Na5 (37. gxf4 $17 {war nötig.} Nxf4 38. Rc2) 37... c5 $19 38. dxc5 fxg3 ({Lieber nicht} 38... Kxe5 39. Nb7 $11) 39. Bxg3 Rxc5 (39... Bxc5+ $19 40. Kf1 Rf8+ 41. Ke1 Bd4 42. Rc6+ Kf5) 40. Nb3 (40. Re1 $17) 40... Rxc1+ 41. Nxc1 {[%mdl 4096] Endspiel KLS-KLS} Bc5+ 42. Kf1 Ne3+ 43. Ke2 Nc4 44. Nd3 Bd4 45. b3 Nxe5 (45... Nxa3 $19 {bietet bessere Gewinnchancen.} 46. Nf2 Bxf2 47. Bxf2 a5) 46. Nf4+ $17 Kf5 (46... Kd6 $142 47. Nh5 Bc5) 47. Nd5 Nc6 48. Kd3 Be5 49. Ne3+ Kg5 (49... Ke6 $5 {[%cal Re5g3]} 50. Bxe5 Nxe5+ 51. Ke4 g3 $17) 50. Be1 (50. Bxe5 $11 Nxe5+ 51. Ke4) 50... Bd6 51. a4 bxa4 ({Besser ist} 51... b4 $17 {Und weiter mit ...Sa5 wäre nett.} 52. Ke4 Na5) 52. bxa4 $15 Bc5 ({Lieber} 52... Bb8 $17 {...g3 ist eine echte Drohung.} 53. Ke4 Ne5) 53. Nd5 (53. Bf2 $11) 53... Kf5 ({Günstiger ist} 53... Ne5+ $17 54. Ke4 Nd7 55. Bd2+ Kh4 56. Be1+ Kh3 57. Nf4+ Kh2) 54. Kc4 {[#]} (54. Ne3+ $11 {hält das Gleichgewicht.} Bxe3 55. Kxe3) 54... Bg1 $1 $17 55. Nc3 Ne5+ 56. Kb5 Nd3 57. Bg3 {[#]} Bf2 (57... Nc5 $1 $19 {Droht ...Ld4 und aus.} 58. a5 Bd4) 58. Bb8 $2 {[%mdl 8192]} (58. Bxf2 $17 Nxf2 59. Ka6) 58... g3 (58... Nf4 $142 59. Ka6 g3 60. Bxf4 Kxf4 61. Ne2+ Kf3 62. Nxg3 Kxg3) 59. Bxg3 $19 Bxg3 60. a5 {beabsichtigt Ka6.} Bf2 61. Kc6 Ne5+ $2 (61... a6 $19 62. Nd5 Bg3) 62. Kb7 $1 $11 {Die Stellung ist ausgeglichen.} Nc4 63. Nb5 $1 Nxa5+ 64. Ka6 Nc6 65. Kb7 Na5+ 66. Ka6 Nc6 67. Kb7 Nd8+ 68. Ka6 Nc6 {Precision: Weiß = 43%, Schwarz = 42%.} 1/2-1/2

[Event "33rd ECCC Open 2017"]
[Site "Antalya"]
[Date "2017.10.13"]
[Round "3"]
[White "Brynell, Stellan"]
[Black "Kantans, Toms"]
[Result "1/2-1/2"]
[WhiteElo "2415"]
[BlackElo "2524"]
[Annotator "TA"]
[PlyCount "159"]
[EventType "team-tourn"]
[EventCountry "TUR"]
[WhiteTeam "Nordkalotten"]
[BlackTeam "Riga"]

{[%evp 16,159,28,38,24,31,35,5,5,8,8,12,4,0,0,0,0,0,-1,0,-6,-6,0,0,0,0,0,-12,-12,-12,-15,-11,-24,-15,0,0,0,-20,0,-8,0,0,0,-11,0,0,0,0,0,0,0,0,0,0,0,-3,0,0,0,0,0,0,0,0,0,0,0,0,0,0,0,0,0,0,0,-37,-39,-50,-22,-50,-20,-70,-70,-70,0,0,0,-8,-8,-8,-8,-8,-8,-8,-8,-8,-8,-15,0,0,0,-31,-12,-70,-70,-70,-69,-70,0,-59,-8,-19,0,0,0,0,0,0,0,0,0,0,0,0,0,0,0,0,0,0,0,0,0,0,0,0,0,0,0,0,0,0,0,0,0,0]} 1. d4 Nf6 2. Nf3 g6 3. g3 Bg7 4. Bg2 O-O 5. O-O d5 6. c4 c5 7. dxc5 dxc4 8. Na3 c3 {D77: Grünfeldindisch (Fianchetto 6.0-0 nicht 6..c6)} 9. Nb5 {LiveBook: 4 Partien} Na6 {[%cal Bb8a6,Ba6c5,Bc5e4][%mdl 32]} 10. Nxc3 Nxc5 {Weiß steht etwas besser.} 11. Qxd8 (11. Be3 Nfe4 12. Nxe4 Nxe4 13. Qa4 Nd6 14. Bd4 Bd7 15. Qb4 Bc6 16. Bxg7 Kxg7 {½-½ (25) So,W (2810)-Bluebaum,M (2646) Tbilisi 2017}) 11... Rxd8 12. Be3 Nfe4 13. Nxe4 $146 ({Vorgänger:} 13. Rfd1 Bd7 14. Nxe4 Nxe4 15. Bd4 Nd6 16. Bxg7 Kxg7 {½-½ (34) Barcza,G-Stoltz,G Helsinki 1952}) 13... Nxe4 14. Rfd1 Nd6 15. Bd4 Bg4 16. h3 Bxf3 17. Bxf3 Bxd4 18. Rxd4 Rac8 19. Rad1 Rc2 20. R4d2 Rdc8 21. h4 a5 22. Kf1 Rxd2 23. Rxd2 $11 {[%mdl 4096] Endspiel KTL-KTS} Rc1+ 24. Kg2 b6 25. Bd5 Kg7 26. Bb3 Rb1 27. Kf3 f5 28. Rc2 h6 29. a3 g5 30. hxg5 hxg5 31. g4 fxg4+ 32. Kxg4 Rg1+ 33. Kf3 Kf6 34. e3 g4+ 35. Ke2 Rb1 36. Ba2 Ra1 37. Bb3 b5 38. Bd5 e6 39. Bc6 Rb1 40. Kd3 b4 41. axb4 axb4 42. Ba4 Rd1+ 43. Ke2 Ra1 44. Bb3 Nf7 45. Kd3 Ne5+ 46. Ke4 Rb1 47. Ba2 Rd1 48. Bb3 {[#] Droht stark Tc5.} Nf3 {Und ...Sd2+ würde nun gewinnen.} 49. Kf4 {Schwarz sollte Tc6 verhindern.} Nd2 (49... Rg1 $1 $15 50. Rc6 Ng5) 50. Ba4 b3 51. Rc8 Ra1 52. Bb5 Ra2 53. Rf8+ Ke7 54. Re8+ Kf7 55. Rb8 Rxb2 56. e4 Ra2 57. Rb7+ Kf8 58. Ke5 Ra5 {[#] ...b2 ist eine echte Drohung.} 59. Kxe6 (59. Kf4 $1 $11) 59... Nxe4 $15 {Und weiter mit ...Sc5+ wäre nett.} 60. Rb8+ Kg7 61. Bc4 Nc5+ ({Lieber} 61... Nxf2 $15 62. Bxb3 Nd3) 62. Kd6 (62. Ke7 $11) 62... Kf6 ({Günstiger ist} 62... Kh6 $1 $15) 63. Bxb3 {Die Stellung ist ausgeglichen.} Nxb3 64. Rxb3 $11 {KT-KT} Rf5 65. Rb2 Kg5 66. Ke6 Ra5 67. Rb8 Kf4 68. Rf8+ Ke4 69. Kd6 Rd5+ 70. Ke6 Rb5 71. Kd6 Ra5 72. Rf7 Ra3 73. Rg7 Ra6+ 74. Kc5 Kf3 75. Rf7+ Kg2 76. Rf4 Ra5+ 77. Kd4 Ra4+ 78. Ke3 Rxf4 79. Kxf4 Kxf2 {( -> ...g3)} 80. Kxg4 {Precision: Weiß = 70%, Schwarz = 69%.} 1/2-1/2

[Event "33rd ECCC Open 2017"]
[Site "Antalya"]
[Date "2017.10.13"]
[Round "3"]
[White "Lodici, Lorenzo"]
[Black "Tratar, Marko"]
[Result "1/2-1/2"]
[WhiteElo "2407"]
[BlackElo "2456"]
[Annotator "TA"]
[PlyCount "94"]
[EventType "team-tourn"]
[EventCountry "TUR"]
[WhiteTeam "Augusta Perusia"]
[BlackTeam "Bonnevoie"]

{[%evp 10,94,50,22,42,36,37,33,48,30,54,37,74,27,39,25,36,-2,24,-45,-11,-23,15,0,0,-6,-8,-16,69,39,57,46,43,0,0,0,17,-99,-83,-93,-92,-89,-93,-98,-78,-71,-85,-96,-78,-98,-43,-109,-109,-139,-129,-243,-209,-247,-250,-227,-237,-321,-270,-254,-256,-251,-193,-197,-172,-173,-41,-41,-15,-47,0,0,0,0,0,0,0,0,0,0,0,0,0]} 1. d4 e6 2. c4 Bb4+ 3. Nd2 Nf6 4. a3 Be7 5. e4 d6 6. Bd3 {LiveBook: 4 Games. A40: Unusual replies to 1 d4} e5 7. d5 a5 8. Ne2 {White is slightly better.} Nbd7 $146 ({Predecessor:} 8... O-O 9. O-O c6 10. Nc3 Na6 11. Rb1 Bd7 {½-½ (31) Martinovic,S (2517)-Predojevic,B (2639) Austria 2016}) 9. O-O Nh5 10. Bc2 g6 11. b3 O-O 12. Bb2 Bg5 13. g3 Bh6 14. f4 (14. Re1 $11) 14... exf4 15. Nxf4 Ndf6 16. Nxh5 Nxh5 17. Nf3 Bg4 18. Qd3 ({Wrong is} 18. Qd4 $2 Bg7 $19) 18... Bxf3 (18... Bh3 $11) 19. Qxf3 (19. Rxf3 {with more complications.} Bg7 20. Bxg7 Nxg7 21. Raf1 Qg5 22. Qd4) 19... Bg7 20. Bxg7 Nxg7 21. b4 Qe7 22. Qc3 b6 23. Ba4 (23. Rae1 $11) 23... axb4 $17 24. axb4 Qxe4 25. Rae1 Qg4 26. Rf4 Qg5 27. Bc6 Ra2 28. Qb3 Ra7 29. h4 Qh6 (29... Qd8 $17) 30. Bd7 (30. Rf2 $15) 30... Nh5 31. Rf2 Qg7 32. Ref1 (32. Re7 $17) 32... Ra1 33. Qf3 Rxf1+ 34. Kxf1 Qd4 35. Bb5 Kg7 36. Kg2 Nf6 37. Re2 h5 38. Qe3 Qxe3 39. Rxe3 $19 {[%mdl 4096] Endgame KRB-KRN} Rc8 (39... Ra8 $19 {aiming for ...Ra2+.} 40. Re7 Ra7) 40. Ra3 $1 $15 Ng4 41. Ra7 $1 Ne3+ 42. Kf3 {The position is equal.} Nc2 43. Ke4 Nxb4 44. Bd7 Rd8 45. Bb5 Rc8 46. Bd7 Rd8 47. Bb5 Rc8 {Precision: White = 38%, Black = 45%.} 1/2-1/2

[Event "33rd ECCC Open 2017"]
[Site "Antalya"]
[Date "2017.10.11"]
[Round "3"]
[White "Thorfinnsson, Bjorn"]
[Black "Jessel, Stephen"]
[Result "1/2-1/2"]
[WhiteElo "2398"]
[BlackElo "2334"]
[Annotator "ChessBase"]
[PlyCount "94"]
[EventType "team-tourn"]
[EventCountry "TUR"]
[WhiteTeam "Viking"]
[BlackTeam "Gonzaga"]
[TimeControl "40/5400+30:1800+30"]

1. d4 {[%emt 0:00:30]} e6 {[%emt 0:01:00]} 2. c4 {[%emt 0:00:30]} b6 {[%emt 0:00:30]} 3. e4 {[%emt 0:00:00]} Bb7 {[%emt 0:00:00]} 4. Bd3 {[%emt 0:00:00]} Bb4+ {[%emt 0:00:00]} 5. Nc3 {[%emt 0:00:30]} f5 {[%emt 0:01:30]} 6. Qh5+ {[%emt 0:00:00]} g6 {[%emt 0:00:30]} 7. Qh3 {[%emt 0:00:00]} fxe4 {[%emt 0:05:30]} 8. Bc2 {[%emt 0:00:00]} Qf6 {[%emt 0:26:30]} 9. Nge2 {[%emt 0:00:00]} Nc6 {[%emt 0:08:30]} 10. Bxe4 {[%emt 0:10:30]} O-O-O {[%emt 0:02:30]} 11. Qg4 {[%emt 0:15:30]} Qg7 {[%emt 0:13:30]} 12. Bd3 {[%emt 0:03:30]} Nf6 {[%emt 0:08:30]} 13. Qh3 {[%emt 0:01:30]} g5 {[%emt 0:13:54]} 14. Bd2 {[%emt 0:01:30]} g4 {[%emt 0:02:11]} 15. Qe3 {[%emt 0:01:30]} Ne7 {[%emt 0:08:06]} 16. O-O {[%emt 0:10:30]} Nf5 {[%emt 0:03:25]} 17. Bxf5 {[%emt 0:00:30]} exf5 {[%emt 0:00:00]} 18. Qf4 {[%emt 0:00:00]} Bd6 {[%emt 0:00:55]} 19. Qxf5 {[%emt 0:00:00]} Qg6 {[%emt 0:00:42]} 20. Ng3 {[%emt 0:01:30]} Bxg3 {[%emt 0:00:30]} 21. fxg3 {[%emt 0:00:30]} Qxf5 {[%emt 0:00:30]} 22. Rxf5 {[%emt 0:00:30]} Ne4 {[%emt 0:01:35]} 23. Nxe4 {[%emt 0:02:30]} Bxe4 {[%emt 0:00:30]} 24. Rf4 {[%emt 0:00:30]} Bd3 {[%emt 0:01:08]} 25. Rxg4 {[%emt 0:02:30]} Bxc4 {[%emt 0:00:14]} 26. Bf4 {[%emt 0:02:30]} Rhg8 {[%emt 0:00:45]} 27. Rh4 {[%emt 0:00:30]} Bd3 {[%emt 0:00:06]} 28. Rd1 {[%emt 0:01:30]} Bg6 {[%emt 0:01:01]} 29. g4 {[%emt 0:00:30]} d6 {[%emt 0:00:10]} 30. Kf2 {[%emt 0:00:30]} Rde8 {[%emt 0:00:20]} 31. Re1 {[%emt 0:01:30]} Rxe1 {[%emt 0:00:53]} 32. Kxe1 {[%emt 0:00:30]} Re8+ {[%emt 0:00:01]} 33. Kd2 {[%emt 0:01:30]} Re4 {[%emt 0:00:32]} 34. Be3 {[%emt 0:00:30]} c5 {[%emt 0:00:48]} 35. dxc5 {[%emt 0:00:30]} bxc5 {[%emt 0:00:22]} 36. h3 {[%emt 0:00:30]} Rc4 {[%emt 0:00:39]} 37. Ke1 {[%emt 0:04:30]} Rc2 {[%emt 0:00:34]} 38. Rh6 {[%emt 0:06:30]} d5 {[%emt 0:00:36]} 39. Bd2 {[%emt 0:02:30]} Rxb2 {[%emt 0:00:30]} 40. h4 {[%emt 0:00:00]} d4 {[%emt 0:01:03]} 41. h5 {[%emt 0:00:00]} Be4 {[%emt 0:05:30]} 42. g5 {[%emt 0:06:30]} c4 {[%emt 0:10:19]} 43. Re6 {[%emt 0:01:30]} Bd3 {[%emt 0:09:39]} 44. g6 {[%emt 0:35:43]} hxg6 {[%emt 0:00:45]} 45. hxg6 {[%emt 0:07:05]} c3 {[%emt 0:01:57]} 46. Bxc3 {[%emt 0:06:56]} Rxg2 {[%emt 0:04:00]} 47. Bxd4 {[%emt 0:00:07]} Rxg6 {[%emt 0:00:05]} 1/2-1/2

[Event "33rd ECCC Open 2017"]
[Site "Antalya"]
[Date "2017.10.12"]
[Round "3"]
[White "Atakisi, Umut"]
[Black "Tsarouhas, Konstantinos"]
[Result "1-0"]
[WhiteElo "2361"]
[BlackElo "2126"]
[Annotator "TA"]
[PlyCount "61"]
[EventType "team-tourn"]
[EventCountry "TUR"]
[WhiteTeam "Besiktas"]
[BlackTeam "Chania"]

{[%evp 23,61,-10,0,-22,-15,-10,-12,-16,0,-10,-8,-8,18,14,41,27,277,261,281,269,270,273,378,380,740,362,357,358,357,352,349,347,345,340,327,272,405,447,540,540]} 1. e4 c5 2. Nf3 e6 3. Nc3 d6 4. d4 cxd4 5. Nxd4 Nf6 6. Be2 a6 7. O-O Be7 8. f4 Qc7 9. Kh1 O-O 10. Qe1 b5 11. Bf3 Bb7 12. e5 Ne8 13. Bd2 {B84: Sicilian Scheveningen: 6 Be2 a6, lines without early Be3} (13. f5 Bxf3 14. Nxf3 b4 15. f6 bxc3 16. fxe7 Qxe7 17. Qxc3 dxe5 18. Nxe5 f6 19. Be3 Nd6 20. Bc5 Qc7 21. Qb4 {1-0 (62) Hou,Y (2612)-Negi,P (2622) New Delhi 2011}) 13... Nc6 $146 ({Predecessor:} 13... Nd7 14. exd6 Bxd6 15. Bxb7 Qxb7 16. Ne4 Nc5 17. Nxd6 Nxd6 18. Bb4 Rac8 19. Rd1 Nde4 20. f5 e5 {0-1 (29) Mooren,L-Toeroek,I corr 1986}) 14. Nxc6 Bxc6 15. a4 {The position is equal.} bxa4 16. Bxc6 Qxc6 17. Rxa4 Rb8 18. b3 dxe5 (18... Rc8 {feels hotter.} 19. Qe2 Nc7 20. Rc4 Qb7 21. exd6 Bxd6 22. Ne4 Be7) 19. fxe5 Rb4 $2 {[#]} (19... f5 $11) 20. Nd5 $1 $18 {[%cal Rd5e7][%mdl 512]} exd5 (20... Qxd5 21. Bxb4) 21. Bxb4 Bxb4 22. Rxb4 ({Resist} 22. Qxb4 Qxc2 23. Rxa6 Qe2 $18) 22... Qxc2 23. e6 Nf6 $2 {[#]} (23... f5 24. e7 Rf6) 24. exf7+ (24. Rxf6 $142 $1 {[%mdl 512] exf7+ would kill now.} gxf6 25. e7) 24... Kxf7 25. Rb7+ Kg8 26. Qe6+ Kh8 {[#]} 27. Qxd5 $1 {[%mdl 512]} Qc8 (27... Nxd5 28. Rxf8#) 28. Qd6 Re8 29. Qc7 {[%csl Gb7][%cal Rc7g7]} Qg4 (29... Qxc7 $142 30. Rxc7 h6) 30. h3 Qg5 31. Rb8 {Precision: White = 70%, Black = 20%.} 1-0

[Event "33rd ECCC Open 2017"]
[Site "Antalya"]
[Date "2017.10.11"]
[Round "3"]
[White "Quillan, Gary"]
[Black "Demuth, Adrien"]
[Result "1/2-1/2"]
[WhiteElo "2347"]
[BlackElo "2538"]
[Annotator "TA"]
[PlyCount "76"]
[EventType "team-tourn"]
[EventCountry "TUR"]
[WhiteTeam "3CS Oldham"]
[BlackTeam "Nice Alekhine"]

{[%evp 21,76,0,0,0,0,0,0,-10,0,7,41,33,25,40,45,6,32,36,35,49,63,86,93,39,32,22,35,11,25,-27,0,0,6,0,0,0,29,0,0,-7,0,0,0,0,0,0,0,0,0,0,0,0,0,0,0,0,0]} 1. e4 c5 2. Nf3 d6 3. Bb5+ Nd7 4. d4 cxd4 5. Qxd4 a6 6. Bxd7+ Bxd7 7. Bg5 {B51: Sicilian: Moscow Variation (3 Bb5+) without 3...Bd7} (7. Nc3 e5 8. Qd3 h6 9. Nd2 Be6 10. Nc4 Rc8 11. Ne3 Nf6 12. O-O Be7 13. Rd1 O-O 14. Bd2 Rc5 15. a4 Qc8 {½-½ (31) Anand,V (2783)-Kasparov,G (2812) Saint Louis 2017}) 7... Rc8 8. Nc3 h6 9. Bh4 e5 10. Qd3 g5 11. Bg3 Nf6 {LiveBook: 45 Games} 12. Nd2 b5 13. a3 Be7 $146 ({Predecessor:} 13... Qb6 14. f3 Be7 15. Bf2 {½-½ (76) Dukaczewski,P (2310)-Ziska,H (2456) Reykjavik 2012}) 14. Nf1 Rc4 15. f3 Rd4 16. Qe2 b4 17. axb4 Rxb4 18. b3 Qc7 19. Na2 Rb5 20. Ne3 Be6 21. O-O Nh5 22. Bf2 ({White should play} 22. Qd2 $16) 22... Nf4 $14 23. Qd2 d5 24. exd5 ({But not} 24. Nc3 $2 {[#]} Qxc3 $1 {[%mdl 512]} 25. Qxc3 Ne2+ 26. Kh1 Nxc3 $19) (24. c4 $5 dxc4 25. bxc4 Bxc4 26. Rfc1 $11) 24... Nxd5 25. Nc4 ({White should try} 25. c4 Nxe3 26. Qxe3) 25... Nf4 26. Nc3 Rb8 {[#] aiming for ...Bb4.} 27. Ne4 ({Much worse is} 27. Rxa6 Bxc4 28. Ra7 (28. bxc4 $2 Qxc4 29. Ra5 Rd8 $19) 28... Qc6 $17) 27... Bxc4 28. bxc4 O-O 29. Rxa6 Qxc4 {The position is equal.} 30. Ra7 $132 {[%mdl 2048] White puts up resistance} Bb4 31. Qd7 Rfd8 32. Qf5 {Threatens to win with c3.} Qxf1+ 33. Kxf1 Rd1+ 34. Be1 Rxe1+ 35. Kf2 Re2+ 36. Kf1 Re1+ 37. Kf2 Re2+ 38. Kf1 Re1+ {Precision: White = 45%, Black = 63%.} 1/2-1/2